UNC Basketball Starting Lineups (1945-2026) - Statistics

General Stats
  • This quiz has been taken 4 times
  • The average score is 165 of 410
Answer Stats
Year Position Player % Correct
2015-2016 PF Brice Johnson
100%
2014-2015 PF Brice Johnson
100%
2018-2019 SF Cameron Johnson
100%
2017-2018 PF Cameron Johnson
100%
1945-1946 SF Jim Jordan
100%
1944-1945 SF Jim Jordan
100%
1983-1984 SG Michael Jordan
100%
1982-1983 SG Michael Jordan
100%
1981-1982 SG Michael Jordan
100%
2023-2024 C Armando Bacot
67%
2022-2023 C Armando Bacot
67%
2021-2022 C Armando Bacot
67%
2020-2021 C Armando Bacot
67%
2019-2020 C Armando Bacot
67%
2021-2022 PF Brady Manek
67%
2022-2023 PG Caleb Love
67%
2021-2022 PG Caleb Love
67%
2020-2021 PG Caleb Love
67%
2025-2026 PF Caleb Wilson
67%
2018-2019 PG Coby White
67%
2025-2026 PG Derek Dixon
67%
2009-2010 C Ed Davis
67%
2024-2025 PG Elliot Cadeau
67%
2023-2024 PG Elliot Cadeau
67%
2025-2026 C Henri Veesaar
67%
1991-1992 SG Hubert Davis
67%
1990-1991 SG Hubert Davis
67%
2016-2017 PF Isaiah Hicks
67%
2025-2026 SF Jarin Stevenson
67%
1981-1982 PG Jimmy Black
67%
1980-1981 PG Jimmy Black
67%
1946-1947 SG Jim White
67%
1945-1946 SG Jim White
67%
2017-2018 PG Joel Berry II
67%
2016-2017 PG Joel Berry II
67%
2015-2016 SG Joel Berry II
67%
2016-2017 SF Justin Jackson
67%
2015-2016 SF Justin Jackson
67%
2014-2015 SF Justin Jackson
67%
2016-2017 C Kennedy Meeks
67%
2015-2016 C Kennedy Meeks
67%
2014-2015 C Kennedy Meeks
67%
2013-2014 C Kennedy Meeks
67%
1986-1987 PG Kenny Smith
67%
1985-1986 PG Kenny Smith
67%
1984-1985 PG Kenny Smith
67%
1983-1984 PG Kenny Smith
67%
2022-2023 SF Leaky Black
67%
2021-2022 SF Leaky Black
67%
2020-2021 SF Leaky Black
67%
2019-2020 SF Leaky Black
67%
2015-2016 PG Marcus Paige
67%
2014-2015 PG Marcus Paige
67%
2013-2014 PG Marcus Paige
67%
2012-2013 PG Marcus Paige
67%
1977-1978 PG Phil Ford
67%
1976-1977 PG Phil Ford
67%
1975-1976 PG Phil Ford
67%
1974-1975 PG Phil Ford
67%
2004-2005 PG Raymond Felton
67%
2003-2004 PG Raymond Felton
67%
2002-2003 PG Raymond Felton
67%
2024-2025 SG RJ Davis
67%
2023-2024 SG RJ Davis
67%
2022-2023 SG RJ Davis
67%
2021-2022 SG RJ Davis
67%
2025-2026 SG Seth Trimble
67%
2017-2018 SF Theo Pinson
67%
2016-2017 SG Theo Pinson
67%
1997-1998 SF Vince Carter
67%
1996-1997 SF Vince Carter
67%
1995-1996 SF Vince Carter
67%
1976-1977 SG Walter Davis
67%
1975-1976 SG Walter Davis
67%
1974-1975 SG Walter Davis
67%
1973-1974 SF Walter Davis
67%
2001-2002 PG Adam Boone
33%
1998-1999 SG Ademola Okulaja
33%
1954-1955 SG Al Lifson
33%
1953-1954 SG Al Lifson
33%
1952-1953 SG Al Lifson
33%
1951-1952 SG Al Lifson
33%
1980-1981 SF Al Wood
33%
1979-1980 SG Al Wood
33%
1978-1979 SF Al Wood
33%
1977-1978 SF Al Wood
33%
1997-1998 PF Antawn Jamison
33%
1996-1997 PF Antawn Jamison
33%
1995-1996 PF Antawn Jamison
33%
1968-1969 SF Bill Bunting
33%
1967-1968 SF Bill Bunting
33%
1966-1967 SF Bill Bunting
33%
1971-1972 SG Bill Chamberlain
33%
1970-1971 SG Bill Chamberlain
33%
1969-1970 SF Bill Chamberlain
33%
1964-1965 C Billy Cunningham
33%
1963-1964 C Billy Cunningham
33%
1962-1963 C Billy Cunningham
33%
1965-1966 C Bob Bennett
33%
2005-2006 PG Bobby Frasor
33%
1973-1974 C Bobby Jones
33%
1972-1973 C Bobby Jones
33%
1971-1972 PF Bobby Jones
33%
1957-1958 SF Bob Cunningham
33%
1956-1957 SG Bob Cunningham
33%
1966-1967 SG Bob Lewis
33%
1965-1966 SF Bob Lewis
33%
1964-1965 SF Bob Lewis
33%
1971-1972 C Bob McAdoo
33%
1947-1948 SF Bob Paxton
33%
1946-1947 PF Bob Paxton
33%
1945-1946 PF Bob Paxton
33%
1945-1946 PG Bones McKinney
33%
1985-1986 C Brad Daugherty
33%
1984-1985 C Brad Daugherty
33%
1983-1984 C Brad Daugherty
33%
1982-1983 C Brad Daugherty
33%
1974-1975 SF Brad Hoffman
33%
2006-2007 PF Brandan Wright
33%
2000-2001 C Brendan Haywood
33%
1999-2000 C Brendan Haywood
33%
1998-1999 C Brendan Haywood
33%
2019-2020 SG Brendan Robinson
33%
1961-1962 PF Brian McSweeny
33%
1993-1994 SF Brian Reese
33%
1992-1993 SF Brian Reese
33%
1991-1992 SF Brian Reese
33%
1963-1964 SF Bryan McSweeny
33%
1952-1953 PF Bud Maddie
33%
1950-1951 PF Bud Maddie
33%
1969-1970 PG Charlie Scott
33%
1968-1969 PG Charlie Scott
33%
1967-1968 PG Charlie Scott
33%
1963-1964 SG Charlie Shaffer
33%
1962-1963 SF Charlie Shaffer
33%
1944-1945 PF Clive Thompson
33%
2019-2020 PG Cole Anthony
33%
2023-2024 SF Cormac Ryan
33%
1948-1949 SG Coy Carson
33%
2008-2009 SF Danny Green
33%
1948-1949 PG Dan Nyimicz
33%
1995-1996 SG Dante Calabria
33%
1994-1995 SF Dante Calabria
33%
1973-1974 SG Darrell Elston
33%
1972-1973 SG Darrell Elston
33%
1970-1971 PF Dave Chadwick
33%
1979-1980 PG Dave Colescott
33%
1978-1979 PG Dave Colescott
33%
1986-1987 C Dave Popson
33%
1985-1986 PF Dave Popson
33%
2005-2006 SG David Noel
33%
2002-2003 PF David Noel
33%
1971-1972 SF Dennis Wuycik
33%
1970-1971 SF Dennis Wuycik
33%
1969-1970 PF Dennis Wuycik
33%
2009-2010 PF Deon Thompson
33%
2008-2009 PF Deon Thompson
33%
2007-2008 PF Deon Thompson
33%
1993-1994 PG Derrick Phelps
33%
1992-1993 PG Derrick Phelps
33%
1991-1992 PG Derrick Phelps
33%
2012-2013 SG Dexter Strickland
33%
2011-2012 SG Dexter Strickland
33%
2010-2011 SG Dexter Strickland
33%
1968-1969 SG Dick Grubar
33%
1967-1968 SG Dick Grubar
33%
1966-1967 PG Dick Grubar
33%
1960-1961 C Dick Kepley
33%
1958-1959 C Dick Kepley
33%
1949-1950 PG Dick Patterson
33%
1994-1995 SG Donald Williams
33%
1993-1994 SG Donald Williams
33%
1992-1993 SG Donald Williams
33%
1961-1962 SG Don Walsh
33%
1960-1961 SF Doug Moe
33%
1959-1960 SF Doug Moe
33%
1958-1959 SF Doug Moe
33%
2024-2025 SF Drake Powell
33%
1978-1979 SG Dudley Bradley
33%
1999-2000 PG Ed Cota
33%
1998-1999 PG Ed Cota
33%
1997-1998 PG Ed Cota
33%
1996-1997 PG Ed Cota
33%
1969-1970 SG Eddie Fogler
33%
1972-1973 SF Ed Stahl
33%
1993-1994 C Eric Montross
33%
1992-1993 C Eric Montross
33%
1991-1992 C Eric Montross
33%
2020-2021 PF Garrison Brooks
33%
2019-2020 PF Garrison Brooks
33%
2018-2019 C Garrison Brooks
33%
1972-1973 PG George Karl
33%
1971-1972 PG George Karl
33%
1970-1971 PG George Karl
33%
1992-1993 PF George Lynch
33%
1991-1992 PF George Lynch
33%
1990-1991 PF George Lynch
33%
2011-2012 SF Harrison Barnes
33%
2010-2011 SF Harrison Barnes
33%
2023-2024 PF Harrison Ingram
33%
1959-1960 PG Harvey Salz
33%
1958-1959 PG Harvey Salz
33%
1957-1958 PG Harvey Salz
33%
1951-1952 PF Howard Deasy
33%
1950-1951 C Howard Deasy
33%
1949-1950 PF Howard Deasy
33%
1950-1951 SG Hugo Kappler
33%
1949-1950 SG Hugo Kappler
33%
1948-1949 SF Hugo Kappler
33%
1964-1965 SG Ian Morrison
33%
1944-1945 PG Ira Norfolk
33%
2004-2005 SF Jackie Manuel
33%
2002-2003 SF Jackie Manuel
33%
2001-2002 SF Jackie Manuel
33%
1951-1952 SF Jack Wallace
33%
1950-1951 SF Jack Wallace
33%
2024-2025 PF Jae'Lyn Withers
33%
2013-2014 PF James Michael McAdoo
33%
2012-2013 C James Michael McAdoo
33%
1981-1982 PF James Worthy
33%
1980-1981 PF James Worthy
33%
1979-1980 PF James Worthy
33%
2001-2002 PF Jason Capel
33%
2000-2001 SF Jason Capel
33%
1999-2000 SF Jason Capel
33%
1998-1999 SF Jason Capel
33%
2004-2005 PF Jawad Williams
33%
2003-2004 PF Jawad Williams
33%
2002-2003 C Jawad Williams
33%
1988-1989 PG Jeff Lebo
33%
1987-1988 PG Jeff Lebo
33%
1986-1987 SG Jeff Lebo
33%
1995-1996 PG Jeff McInnis
33%
1994-1995 PG Jeff McInnis
33%
1979-1980 C Jeff Wolf
33%
1994-1995 PF Jerry Stackhouse
33%
1955-1956 SG Jerry Vayda
33%
1954-1955 SF Jerry Vayda
33%
1953-1954 PF Jerry Vayda
33%
1952-1953 SF Jerry Vayda
33%
1982-1983 PG Jim Braddock
33%
1946-1947 SF Jim Hamilton
33%
1961-1962 C Jim Hudock
33%
1960-1961 PF Jim Hudock
33%
1956-1957 C Joe Quigg
33%
1955-1956 C Joe Quigg
33%
1986-1987 SF Joe Wolf
33%
1985-1986 SF Joe Wolf
33%
1984-1985 SF Joe Wolf
33%
1947-1948 PF John Dillon
33%
1946-1947 C John Dillon
33%
1945-1946 C John Dillon
33%
1944-1945 C John Dillon
33%
2011-2012 PF John Henson
33%
2010-2011 PF John Henson
33%
1976-1977 SF John Kuester
33%
1975-1976 SF John Kuester
33%
1949-1950 SF John Tsantes
33%
1948-1949 PF John Tsantes
33%
1965-1966 SG John Yokley
33%
2000-2001 SG Joseph Forte
33%
1999-2000 SG Joseph Forte
33%
2014-2015 SG J.P. Tokoto
33%
2013-2014 SF J.P. Tokoto
33%
1988-1989 PF J.R. Reid
33%
1987-1988 PF J.R. Reid
33%
1986-1987 PF J.R. Reid
33%
2011-2012 PG Kendall Marshall
33%
2010-2011 PG Kendall Marshall
33%
2018-2019 SG Kenny Williams
33%
2017-2018 SG Kenny Williams
33%
2020-2021 SG Kerwin Walton
33%
1989-1990 SF Kevin Madden
33%
1988-1989 SF Kevin Madden
33%
1987-1988 SF Kevin Madden
33%
1993-1994 PF Kevin Salvadori
33%
1990-1991 PG King Rice
33%
1989-1990 PG King Rice
33%
2001-2002 C Kris Lang
33%
2000-2001 PF Kris Lang
33%
1999-2000 PF Kris Lang
33%
1998-1999 PF Kris Lang
33%
1962-1963 PG Larry Brown
33%
1961-1962 PG Larry Brown
33%
1960-1961 PG Larry Brown
33%
2009-2010 PG Larry Drew II
33%
1967-1968 PF Larry Miller
33%
1966-1967 PF Larry Miller
33%
1965-1966 PF Larry Miller
33%
1970-1971 C Lee Dedmon
33%
1969-1970 C Lee Dedmon
33%
1968-1969 PF Lee Dedmon
33%
1959-1960 C Lee Shaffer
33%
1958-1959 PF Lee Shaffer
33%
1957-1958 PF Lee Shaffer
33%
1956-1957 SF Lennie Rosenbluth
33%
1955-1956 SF Lennie Rosenbluth
33%
1954-1955 PF Lennie Rosenbluth
33%
2013-2014 SG Leslie McDonald
33%
2018-2019 PF Luke Maye
33%
2017-2018 C Luke Maye
33%
1997-1998 C Makhtar N'Diaye
33%
1944-1945 SG Manny Alvarez
33%
2009-2010 SG Marcus Ginyard
33%
2007-2008 SG Marcus Ginyard
33%
1983-1984 SF Matt Doherty
33%
1982-1983 SF Matt Doherty
33%
1981-1982 SF Matt Doherty
33%
2003-2004 SF Melvin Scott
33%
2001-2002 SG Melvin Scott
33%
1947-1948 SG Mervin Cole
33%
1963-1964 PG Mike Cooke
33%
1961-1962 SF Mike Cooke
33%
1979-1980 SF Mike O'Koren
33%
1978-1979 PF Mike O'Koren
33%
1977-1978 PF Mike O'Koren
33%
1976-1977 PF Mike O'Koren
33%
1980-1981 SG Mike Pepper
33%
1975-1976 PF Mitch Kupchak
33%
1974-1975 PF Mitch Kupchak
33%
1973-1974 PF Mitch Kupchak
33%
1972-1973 PF Mitch Kupchak
33%
1949-1950 C Nemo Nearman
33%
1948-1949 C Nemo Nearman
33%
1947-1948 C Nemo Nearman
33%
1947-1948 PG Norm Kohler
33%
1946-1947 PG Norm Kohler
33%
1954-1955 C Paul Likins
33%
1953-1954 C Paul Likins
33%
1952-1953 C Paul Likins
33%
1951-1952 C Paul Likins
33%
1957-1958 C Pete Brennan
33%
1956-1957 PF Pete Brennan
33%
1955-1956 PF Pete Brennan
33%
1990-1991 C Pete Chilcutt
33%
1989-1990 C Pete Chilcutt
33%
2022-2023 PF Pete Nance
33%
2012-2013 PF P.J. Hairston
33%
2004-2005 SG Rashad McCants
33%
2003-2004 SG Rashad McCants
33%
2002-2003 SG Rashad McCants
33%
1994-1995 C Rasheed Wallace
33%
1973-1974 PG Ray Harrison
33%
1964-1965 PF Ray Respess
33%
1963-1964 PF Ray Respess
33%
1962-1963 PF Ray Respess
33%
1959-1960 PF Ray Stanley
33%
2012-2013 SF Reggie Bullock
33%
2006-2007 SF Reyshawn Terry
33%
2005-2006 PF Reyshawn Terry
33%
1978-1979 C Rich Yonakor
33%
1977-1978 C Rich Yonakor
33%
1990-1991 SF Rick Fox
33%
1989-1990 SG Rick Fox
33%
2000-2001 PG Ronald Curry
33%
1968-1969 C Rusty Clark
33%
1967-1968 C Rusty Clark
33%
1966-1967 C Rusty Clark
33%
1983-1984 PF Sam Perkins
33%
1982-1983 PF Sam Perkins
33%
1981-1982 C Sam Perkins
33%
1980-1981 C Sam Perkins
33%
1989-1990 PF Scott Williams
33%
1988-1989 C Scott Williams
33%
1987-1988 C Scott Williams
33%
2004-2005 C Sean May
33%
2003-2004 C Sean May
33%
1996-1997 C Serge Zwikker
33%
1995-1996 C Serge Zwikker
33%
1997-1998 SG Shammond Williams
33%
1996-1997 SG Shammond Williams
33%
1953-1954 SF Skippy Winstead
33%
1988-1989 SG Steve Bucknall
33%
1987-1988 SG Steve Bucknall
33%
1985-1986 SG Steve Hale
33%
1984-1985 SG Steve Hale
33%
1965-1966 PG Tom Gauntlett
33%
1964-1965 PG Tom Gauntlett
33%
1957-1958 SG Tommy Kearns
33%
1956-1957 PG Tommy Kearns
33%
1976-1977 C Tommy LaGarde
33%
1975-1976 C Tommy LaGarde
33%
1974-1975 C Tommy LaGarde
33%
1977-1978 SG Tom Zalliagiris
33%
1955-1956 PG Tony Radovich
33%
1954-1955 PG Tony Radovich
33%
1953-1954 PG Tony Radovich
33%
2008-2009 PG Ty Lawson
33%
2007-2008 PG Ty Lawson
33%
2006-2007 PG Ty Lawson
33%
2008-2009 C Tyler Hansbrough
33%
2007-2008 C Tyler Hansbrough
33%
2006-2007 C Tyler Hansbrough
33%
2005-2006 C Tyler Hansbrough
33%
2011-2012 C Tyler Zeller
33%
2010-2011 C Tyler Zeller
33%
2024-2025 C Ven-Allen Lubin
33%
1952-1953 PG Vince Grimaldi
33%
1951-1952 PG Vince Grimaldi
33%
1950-1951 PG Vince Grimaldi
33%
1984-1985 PF Warrren Martin
33%
2008-2009 SG Wayne Ellington
33%
2007-2008 SF Wayne Ellington
33%
2006-2007 SG Wayne Ellington
33%
2005-2006 SF Wes Miller
33%
2009-2010 SF Will Graves
33%
1962-1963 SG Yogi Poteet
33%
1960-1961 SG York Larese
33%
1959-1960 SG York Larese
33%
1958-1959 SG York Larese
33%
No matching quizzes found
Score Distribution
Percent of People with Each Score
Percentile by Number Answered
Your Score History
You have not taken this quiz